000 00550nam a2200169Ia 4500
003 GCL
008 140319s9999 xx 000 0 ara d
040 _aGCL /
_cGCL
082 0 4 _a157.94
_bم م
100 1 _aمحمد احمد النابلسى
245 1 0 _aمبادىء العلاج النفسى ومدارسة /
_cمحمد احمد النابلسى
490 _aسلسلة الكتاب النفسى
_v0
650 0 4 _aعلم النفس
650 0 4 _aالعلاج النفسى
650 0 4 _aالتنويم المغناطيسى
942 _2ddc
_cBK
999 _c45436
_d45436